Score 0/20 Timer 02:00
2 Plays Today
Title Missing Word % Correct
Six _____ UnderFeet
96.9%
_____ and the CitySex
95.6%
_____ Your EnthusiasmCurb
93.1%
_____ of BrothersBand
92.7%
_____ BloodTrue
89.4%
Da Ali G _____Show
74.7%
Fraggle _____Rock
69%
Def Comedy _____Jam
62.1%
Eastbound & _____Down
56.6%
From the _____ to the MoonEarth
56.5%
Title Missing Word % Correct
Tales From the _____Crypt
52.8%
Taxicab _____Confessions
48.5%
Dennis Miller _____Live
43.8%
_____ LoveBig
42.6%
1st & _____Ten
34.9%
The No 1 Ladies Detective _____Agency
33.7%
Angels in _____America
22.1%
Inside the _____NFL
22%
Not Necessarily The _____News
19.4%
Tracey _____ On...Takes
13.4%

Today's Daily Dose

You're not logged in!

Compare scores with friends on all Sporcle quizzes.
OR
Log In

Sporcle TV

Today on Sporcle TV


Watch our educational content, quiz creation guides, and fun videos on Sporcle TV.

Show Comments

Extras

Top Quizzes Today


Score Distribution

Paid Content

Your Account Isn't Verified!

In order to create a playlist on Sporcle, you need to verify the email address you used during registration. Go to your Sporcle Settings to finish the process.

Report this User

Report this user for behavior that violates our Community Guidelines.

Details: